Quand je marche - Ben Mazué - Paroles - Statistiques

Statistiques générales
  • Ce quiz a été pris 27 fois
  • Le résultat moyen est 266 sur 474
Statistiques - réponses
Réponse % Correct
à
89%
a
89%
À
89%
Faut
89%
faut
89%
je
89%
Je
89%
de
84%
que
84%
Que
84%
Et
79%
et
79%
le
79%
Le
79%
est,
74%
j'arrête
74%
les
74%
Les
74%
marcher
74%
marcher,
74%
pense
74%
Stop,
74%
ça,
68%
Ça
68%
ça
68%
ce
68%
ces
68%
courir,
68%
des
68%
en
68%
J'vais
68%
j'vais
68%
la
68%
68%
La
68%
là,
68%
me
68%
mes
68%
mon
68%
par
68%
penser,
68%
quand
68%
Quand
68%
qui
68%
Se
68%
va
68%
y
68%
cette
63%
cousins
63%
gamins
63%
gamins,
63%
j'avais
63%
lettres
63%
leur
63%
pas,
63%
pas
63%
Pas
63%
père,
63%
père
63%
pour
63%
Pour
63%
rappelle
63%
trouvé,
63%
Un
63%
un
63%
bien
58%
d'abord
58%
d'abord,
58%
dit
58%
être
58%
fille
58%
j'ai
58%
leurs
58%
moi
58%
Moi,
58%
plus
58%
Plus
58%
promis
58%
puis,
58%
Puis
58%
puis
58%
qu'elle
58%
quelle
58%
qu'ils
58%
Sur
58%
sur
58%
temps
58%
Trouver
58%
trouver
58%
voient
58%
allez,
53%
beau
53%
c'est
53%
C'est
53%
colos
53%
d'ailleurs,
53%
déjà
53%
Déjà
53%
dire
53%
disque
53%
d'or
53%
faire
53%
j'envoie
53%
mais
53%
Mais
53%
nul
53%
passe
53%
peu
53%
pire
53%
podcast
53%
sœurs
53%
sourire
53%
sourire,
53%
très
53%
vouloir
53%
ai
47%
amis
47%
amour
47%
autre
47%
Avant
47%
Avec
47%
avis
47%
comprend
47%
comprend,
47%
contenu
47%
c'que
47%
elle,
47%
est-ce
47%
fête
47%
j'lui
47%
j'sais
47%
J'sais
47%
l'été
47%
moins
47%
m'relever
47%
on
47%
On
47%
quatre
47%
regard
47%
réussir
47%
tous
47%
tout
47%
trop
47%
truc
47%
tu
47%
court
42%
Demander
42%
dessus
42%
d'être
42%
d'me
42%
d'un
42%
enfants
42%
heureux
42%
interdits
42%
jours,
42%
lui
42%
manques
42%
mer
42%
Ne
42%
ni
42%
nous
42%
nouveau
42%
ont
42%
oui,
42%
peur
42%
prévu
42%
qu'aujourd'hui
42%
qu'elles
42%
qu'je
42%
qu'on
42%
rien
42%
soit
42%
sorti
42%
terre
42%
vieilli
42%
voir
42%
vu
42%
apprendre
37%
brillant
37%
certain
37%
contacterai,
37%
côté
37%
demain
37%
encore
37%
entourent
37%
Faites
37%
faites
37%
gens
37%
grisâtres
37%
ira
37%
J'la
37%
j'les
37%
l'amour
37%
manière
37%
mieux
37%
n'ai
37%
pis
37%
pis,
37%
poste
37%
qu'ce
37%
reconquérir
37%
reste,
37%
serait-ce
37%
sont
37%
souvent
37%
souvent,
37%
tant
37%
Tant
37%
tellement
37%
voit
37%
aime
32%
Beaucoup
32%
cinq
32%
donnerai
32%
emmener
32%
génies
32%
humeurs
32%
important
32%
j'dis
32%
justement
32%
j'veux
32%
Loin
32%
malheureux
32%
match
32%
m'l'ont
32%
pardon,
32%
Pardon,
32%
presser
32%
prévoie
32%
quoi
32%
regardera
32%
renoncé
32%
retrouvent
32%
blessures
26%
dans
26%
Dans
26%
dimanche,
26%
envies
26%
eux,
26%
faudra
26%
j'fais
26%
j'suis
26%
l'énergie,
26%
moitié
26%
musique
26%
Pourquoi
26%
répondre
26%
sache
26%
samedi
26%
sert
26%
silence
26%
Alors
21%
cas
21%
excellents?
21%
J'aimerai
21%
l'exigence
21%
vont
21%
vraiment
21%
déshérence
16%
Elles
16%
j'voudrai
16%
J'voudrai
16%
Ouh
16%
qu'j'l'appelle
16%
souhaite
16%
Qu''ai
5%
parlait
0%
Aucun quiz correspondant
Distribution des résultats
% des personnes avec chaque résultat
Percentile par nombre de réponses
Votre historique - résultats
Vous n’avez pas pris ce quiz